| 000 | 00509nam a22001817a 4500 | ||
|---|---|---|---|
| 003 | ost | ||
| 005 | 20140310182350.0 | ||
| 008 | 130928t xxu||||| |||| 00| 0 eng d | ||
| 020 | _a1570822352 | ||
| 050 |
_aVBK 8677 _b.M634 1994 |
||
| 082 |
_aGS 793.73 _bM58 1994 |
||
| 245 | _aMighty Morphin Power Rangers | ||
| 260 |
_aNew York : _b Saban Entertainment, Inc. and Saban International N.V, _cc1994. |
||
| 300 |
_a[50 p.] : _b illus. (col.) |
||
| 541 | _j1 | ||
| 562 | _e1 | ||
| 942 |
_2lcc _cBK-GS |
||
| 999 |
_c12327 _d12327 |
||